000 00250nam a2200097Ia 4500
008 240331s9999 xx 000 0 und d
082 _bHAN
100 _aHesse-Biber,S.N. ed
245 0 _aHandbook of Feminist research :
_btheory and practice
942 _cL
999 _c4523
_d4523